| 000 | 00661nam a2200193Ia 4500 | ||
|---|---|---|---|
| 008 | 090123s9999 xx 000 0 und d | ||
| 082 |
_b37485 _a891.463/केन |
||
| 100 | _aकेन फॉलेट | ||
| 245 | _aऑन द विंग्ज ऑफ ईगल्स | ||
| 250 | _a1 | ||
| 260 |
_bमेहता प्रकाशन _c2004 |
||
| 300 | _a343 | ||
| 600 | _aकेन फॉलेट | ||
| 630 | _aऑन द विंग्ज ऑफ ईगल्स | ||
| 700 | _aकेन फॉलेट | ||
| 700 | _aलेले ज्योत्स्ना | ||
| 730 | _aऑन द विंग्ज ऑफ ईगल्स | ||
| 942 | _cBOOK | ||
| 999 |
_c75552 _d75552 |
||